000 00827nam a2200253 a 4500
001 19184
003 CO-ViMGA
008 141112s2004 ck r 000 u spa d
020 _a26420
040 _aCO-ViMGA
_bspa
_cCO-ViMGA
082 0 4 _a668.652 Y148g
100 1 _aYague Gonzalez, Juan; Bolivar Costa, Carlos
_927515
245 1 0 _aGuía práctica de fungicidas y otros protectores
260 _aMadrid :
_bMundi - prensa Libros y Maralpa S.L.; 2000
300 _a352 p.
490 _aGuías prácticas fitosanitarias
590 _aForma de adquisición : Poyecto 2005 - - Precio :
_174.600
650 1 4 _aFITOSANIDAD
_927516
650 1 4 _aFUNGICIDAS - GUIAS
_927517
650 1 4 _aINSECTICIDAS - GUIAS
_927518
650 1 4 _aPRODUCTOS AGROQUIMICOS - GUIAS
_927519
650 1 4 _aSANIDAD VEGETAL
_927520
942 _2ddc
_cBK
999 _c28346
_d28346